[Event "Landesklasse Ost 2013/2014"]
[Site "?"]
[Date "2014.02.02"]
[Round "6"]
[White "Osterloh, Felix"]
[Black "Seidens, Gunter"]
[Result "1/2-1/2"]
[WhiteElo "1958"]
[BlackElo "1927"]
[PlyCount "111"]
[EventDate "2014.??.??"]
[WhiteTeam "SV Schott Jena"]
[BlackTeam "VfL 1990 Gera"]

1. e4 c5 2. Nf3 Nc6 3. d3 g6 4. g3 Bg7 5. Bg2 d6 6. O-O e6 7. c3 Nge7 8. Be3
O-O 9. Qc1 Rb8 10. Bh6 b5 11. Bxg7 Kxg7 12. h3 Bd7 13. Nh2 f5 14. exf5 exf5 15.
Qf4 Be6 16. Re1 Nd5 17. Qd2 Qf6 18. f4 b4 19. Nf3 Rfe8 20. c4 Nde7 21. Qc2 Bd7
22. Nbd2 Nd4 23. Nxd4 Qxd4+ 24. Kh2 Nc6 25. Nf3 Qf6 26. b3 a5 27. Qf2 Rxe1 28.
Rxe1 Re8 29. Rxe8 Bxe8 30. Qe3 Bd7 31. d4 Nxd4 32. Nxd4 cxd4 33. Qd3 Kf8 34.
Bd5 Ke7 35. Kg2 Kd8 36. Kf2 Kc7 37. Ke2 Kb6 38. Qf3 h6 39. Kd3 g5 40. Ba8 Kc7
41. Qb7+ Kd8 42. Qb6+ Ke7 43. Qxd4 Qg6 44. Ke3 gxf4+ 45. Qxf4 Qf6 46. Qd4 Qg5+
47. Kf2 Qf6 48. Ke3 Qg5+ 49. Qf4 Qf6 50. Kf3 Qa1 51. Qe3+ Kd8 52. Qb6+ Ke7 53.
Qxa5 Qf1+ 54. Ke3 Qe1+ 55. Kf3 f4 56. Kxf4 1/2-1/2

[Event "Landesklasse Ost 2013/2014"]
[Site "?"]
[Date "2014.02.02"]
[Round "6"]
[White "Katzer, Michael"]
[Black "Seifert, Michael"]
[Result "1-0"]
[WhiteElo "1912"]
[BlackElo "1770"]
[PlyCount "45"]
[EventDate "2014.??.??"]
[WhiteTeam "VfL 1990 Gera"]
[BlackTeam "SV Schott Jena"]

1. b3 Nf6 2. Bb2 d5 3. e3 Bf5 4. Nf3 e6 5. Ne5 h6 6. f4 Nbd7 7. Be2 Nxe5 8.
fxe5 Nd7 9. O-O Be7 10. Bf3 c5 11. Bxd5 Nxe5 12. Bxb7 Rb8 13. Bxe5 Rxb7 14. Qf3
Qd7 15. d3 O-O 16. Nd2 Rb5 17. e4 Bg6 18. Bc3 Rbb8 19. Nc4 Bd6 20. Rf2 Qc7 21.
g3 Rbe8 22. Raf1 Re7 23. e5 1-0

[Event "Landesklasse Ost 2013/2014"]
[Site "?"]
[Date "2014.02.02"]
[Round "6"]
[White "Richter, Jan"]
[Black "Kretzschmar, Bernd"]
[Result "1-0"]
[WhiteElo "1899"]
[BlackElo "1867"]
[PlyCount "55"]
[EventDate "2014.??.??"]
[WhiteTeam "SV Schott Jena"]
[BlackTeam "VfL 1990 Gera"]

1. Nf3 g6 2. d4 Bg7 3. g3 d6 4. Bg2 c6 5. O-O Nd7 6. c4 e5 7. Nc3 Ngf6 8. e4
O-O 9. h3 Qb6 10. c5 dxc5 11. dxe5 Ne8 12. e6 fxe6 13. Ng5 Ne5 14. f4 c4+ 15.
Kh2 Nd3 16. e5 h6 17. Nf3 Kf7 18. Nh4 Rg8 19. Be4 Nxc1 20. Bxg6+ Ke7 21. Rxc1
Qxb2+ 22. Rc2 Qb4 23. Bh7 Rh8 24. Ng6+ Kf7 25. Nxh8+ Bxh8 26. Qh5+ Ke7 27. Bg8
Nc7 28. Qxh6 1-0

[Event "Landesklasse Ost 2013/2014"]
[Site "?"]
[Date "2014.02.02"]
[Round "6"]
[White "Welde, Kevin"]
[Black "Richter, Gerhard"]
[Result "1-0"]
[WhiteElo "1853"]
[BlackElo "2010"]
[PlyCount "95"]
[EventDate "2014.??.??"]
[WhiteTeam "VfL 1990 Gera"]
[BlackTeam "SV Schott Jena"]

1. d4 Nf6 2. Nf3 g6 3. g3 Bg7 4. Bg2 O-O 5. O-O d6 6. c4 c6 7. Nc3 Nbd7 8. b3
e5 9. dxe5 dxe5 10. Bb2 Qb6 11. Na4 Qc7 12. Qc2 Re8 13. e4 Nf8 14. h3 Nh5 15.
Qe2 a5 16. Rfd1 Bd7 17. Ba3 b5 18. cxb5 cxb5 19. Rac1 Qa7 20. Bc5 Qb7 21. Nb6
Rad8 22. Nd5 Ne6 23. Bb6 Rc8 24. Rxc8 Qxc8 25. Bxa5 Nd4 26. Nxd4 exd4 27. g4
Nf6 28. Nxf6+ Bxf6 29. Bb6 Qc3 30. Qd3 Bc6 31. Bxd4 Qxd3 32. Rxd3 Rd8 33. Rc3
Rxd4 34. Rxc6 Rd1+ 35. Bf1 Bd4 36. Rc2 b4 37. Kg2 g5 38. Bc4 Kg7 39. Be2 Ra1
40. Rc4 Bc3 41. Rc7 Rxa2 42. Bc4 Bd4 43. Rxf7+ Kg6 44. Rf5 h6 45. e5 Ra5 46.
Rf6+ Kg7 47. Rf7+ Kh8 48. e6 1-0

[Event "Landesklasse Ost 2013/2014"]
[Site "?"]
[Date "2014.02.02"]
[Round "6"]
[White "Mauch, Johannes"]
[Black "Huster, Mike"]
[Result "0-1"]
[WhiteElo "1783"]
[BlackElo "1899"]
[PlyCount "74"]
[EventDate "2014.??.??"]
[WhiteTeam "SV Schott Jena"]
[BlackTeam "VfL 1990 Gera"]

1. e4 d5 2. exd5 Nf6 3. d4 Nxd5 4. c4 Nb6 5. Nc3 e5 6. dxe5 Qxd1+ 7. Nxd1 Nc6
8. Nf3 Bg4 9. Bf4 O-O-O 10. Rc1 Bxf3 11. gxf3 Bb4+ 12. Nc3 Rhe8 13. Be2 Nxe5
14. O-O g5 15. Bg3 Bxc3 16. Rxc3 Rd2 17. Re3 Rxe2 18. Rxe2 Nxf3+ 19. Kg2 Rxe2
20. Kxf3 Rxb2 21. Kg4 Rxa2 22. c5 Nd7 23. Re1 Kd8 24. Kxg5 Ra6 25. Kf5 Nxc5 26.
Bh4+ Kd7 27. Re7+ Kc6 28. Bg3 b5 29. Rxc7+ Kd5 30. Rxf7 b4 31. Rxh7 b3 32. Be5
Ra2 33. f4 a5 34. h4 a4 35. Rg7 a3 36. Rg1 Nd3 37. Bf6 Rf2 0-1

[Event "Landesklasse Ost 2013/2014"]
[Site "?"]
[Date "2014.02.02"]
[Round "6"]
[White "Richter, Sven"]
[Black "Richter, Sebastian"]
[Result "1-0"]
[WhiteElo "1937"]
[BlackElo "1765"]
[PlyCount "77"]
[EventDate "2014.??.??"]
[WhiteTeam "VfL 1990 Gera"]
[BlackTeam "SV Schott Jena"]

1. Nf3 e6 2. g3 d5 3. Bg2 Nf6 4. d3 Be7 5. Nbd2 c5 6. e4 Nc6 7. O-O O-O 8. Re1
Qc7 9. c3 b5 10. e5 Nd7 11. Qe2 a5 12. h4 Ba6 13. Nf1 Rfc8 14. Bf4 Nb6 15. N1h2
b4 16. Ng4 Rab8 17. Ng5 Qd8 18. Rad1 a4 19. Bh3 a3 20. Nxf7 Kxf7 21. Nh6+ gxh6
22. Qg4 Bf8 23. Qxe6+ Kg7 24. Qg4+ Kh8 25. e6 Rb7 26. Qf5 Qe7 27. c4 Bg7 28.
cxd5 Nd4 29. Qe4 Rd8 30. d6 Qe8 31. d7 Qe7 32. Bd6 Nf3+ 33. Qxf3 Qxd6 34. e7
Rbxd7 35. e8=Q+ Rxe8 36. Rxe8+ Bf8 37. Rxf8+ Kg7 38. Bxd7 Qxd7 39. Qf6# 1-0

[Event "Landesklasse Ost 2013/2014"]
[Site "?"]
[Date "2014.02.02"]
[Round "6"]
[White "Jordan, Gunter"]
[Black "Piontek, Michael"]
[Result "1/2-1/2"]
[WhiteElo "1855"]
[BlackElo "1823"]
[PlyCount "30"]
[EventDate "2014.??.??"]
[WhiteTeam "SV Schott Jena"]
[BlackTeam "VfL 1990 Gera"]

1. d4 g6 2. e4 Bg7 3. f4 d6 4. Nf3 c5 5. c3 cxd4 6. Nxd4 Nc6 7. Be3 Nf6 8. Bd3
Ng4 9. Nc2 O-O 10. Nd2 e5 11. f5 gxf5 12. exf5 Nxe3 13. Nxe3 d5 14. Qh5 e4 15.
Be2 d4 1/2-1/2

[Event "Landesklasse Ost 2013/2014"]
[Site "?"]
[Date "2014.02.02"]
[Round "6"]
[White "Schönfeld, Volker"]
[Black "Bönisch, Julian"]
[Result "1-0"]
[WhiteElo "1900"]
[BlackElo "1316"]
[PlyCount "171"]
[EventDate "2014.??.??"]
[WhiteTeam "VfL 1990 Gera"]
[BlackTeam "SV Schott Jena"]

1. e4 e6 2. d4 d5 3. Nd2 Nf6 4. e5 Nfd7 5. Bd3 c5 6. c3 Nc6 7. Ne2 cxd4 8. cxd4
Nb4 9. Bb1 Nb6 10. O-O Bd7 11. a3 Nc6 12. f4 g6 13. Nf3 Bh6 14. Bd3 O-O 15. Be3
Ne7 16. g4 Nc4 17. Bc1 Qb6 18. Rb1 Bb5 19. a4 Ba6 20. b4 Nc6 21. b5 N6a5 22. g5
Bg7 23. bxa6 Qxa6 24. Bd2 Qc6 25. Bxa5 Nxa5 26. Bb5 Qc7 27. Qc1 Qd8 28. Qa3 h6
29. Rbc1 a6 30. Bd3 Re8 31. Qc3 Rc8 32. Qxc8 Qxc8 33. Rxc8 Rxc8 34. Rc1 Nc4 35.
Kf2 Kf8 36. Nd2 b5 37. axb5 axb5 38. Bxc4 bxc4 39. Ra1 Rc7 40. Nc3 h5 41. Nb5
Rb7 42. Ra8+ Ke7 43. Ra7 Rxa7 44. Nxa7 Kd7 45. Nb5 Bf8 46. Nb1 Kc6 47. N1c3 Bb4
48. Ke2 Bxc3 49. Nxc3 Kb6 50. Kd2 Ka5 51. Kc2 Kb4 52. Ne2 Ka3 53. Kc3 Ka4 54.
Ng3 Kb5 55. Nf1 Ka5 56. Ne3 Kb5 57. Nc2 Ka5 58. Na3 Kb6 59. Kb4 Kc6 60. Nb5 Kd7
61. Kc5 Ke7 62. Kc6 Kd8 63. Kd6 Ke8 64. Kc7 Ke7 65. Na7 Ke8 66. Nc6 Kf8 67. Kd7
Kg7 68. Kd6 Kf8 69. Kc5 Ke8 70. Na5 Kd7 71. Nc6 Ke8 72. Kb4 Kd7 73. Na7 Kc7 74.
Nb5+ Kd7 75. Nd6 Ke7 76. Kc3 Kf8 77. Nxc4 dxc4 78. Kxc4 Ke7 79. Kc5 Kd7 80. d5
exd5 81. Kxd5 Ke7 82. Ke4 Ke6 83. h4 Kd7 84. f5 Ke7 85. fxg6 fxg6 86. Kd5 1-0

[Event "Landesklasse Ost 2013/2014"]
[Site "?"]
[Date "2014.03.02"]
[Round "7"]
[White "Seidens, Gunter"]
[Black "Skibbe, Diana"]
[Result "1/2-1/2"]
[WhiteElo "1927"]
[BlackElo "1927"]
[PlyCount "39"]
[EventDate "2014.??.??"]

1. Nf3 f5 2. b3 d6 3. d4 Nf6 4. Bb2 g6 5. g3 Bg7 6. Bg2 O-O 7. Nbd2 Nc6 8. c4
e5 9. dxe5 Ng4 10. O-O Ngxe5 11. Nxe5 Nxe5 12. Qc2 f4 13. Nf3 Bf5 14. Qd2 c6
15. Rad1 Nxf3+ 16. Bxf3 Bxb2 17. Qxb2 Bh3 18. Bg2 Bxg2 19. Kxg2 Qe7 20. Qd2
1/2-1/2

[Event "Landesklasse Ost 2013/2014"]
[Site "?"]
[Date "2014.03.02"]
[Round "7"]
[White "Barth, Christian"]
[Black "Katzer, Michael"]
[Result "1/2-1/2"]
[WhiteElo "1787"]
[BlackElo "1912"]
[PlyCount "68"]
[EventDate "2014.??.??"]

1. e4 c6 2. d4 d5 3. exd5 cxd5 4. c4 Nf6 5. Nc3 Nc6 6. Be3 e6 7. Nf3 Be7 8. a3
dxc4 9. Bxc4 O-O 10. O-O Nd5 11. Nxd5 exd5 12. Bd3 Bf6 13. h3 Re8 14. Rc1 Be6
15. Ne5 Bxe5 16. dxe5 Nxe5 17. Bxh7+ Kxh7 18. Qh5+ Kg8 19. Qxe5 Bxh3 20. Qg3
Bf5 21. Bd4 Bg6 22. Rc7 Re4 23. Rd1 b6 24. Qc3 Qg5 25. f3 Re2 26. Rc8+ Kh7 27.
Bf2 Rxc8 28. Qxc8 Rxb2 29. Qd7 a6 30. Rxd5 Rb1+ 31. Rd1 Rxd1+ 32. Qxd1 Qb5 33.
Qd4 Qb1+ 34. Kh2 b5 1/2-1/2

[Event "Landesklasse Ost 2013/2014"]
[Site "?"]
[Date "2014.03.02"]
[Round "7"]
[White "Kretzschmar, Bernd"]
[Black "Wolfram, Thomas"]
[Result "1/2-1/2"]
[WhiteElo "1867"]
[BlackElo "1725"]
[PlyCount "106"]
[EventDate "2014.??.??"]

1. e4 d6 2. d4 g6 3. h4 Nf6 4. Nc3 Nbd7 5. Bc4 e5 6. Be3 Bg7 7. f3 Qe7 8. d5
Nb6 9. Bb3 Nh5 10. Nge2 f5 11. a4 fxe4 12. Nxe4 Bf5 13. a5 Nd7 14. Bg5 Ndf6 15.
Ba4+ Bd7 16. Bxd7+ Qxd7 17. N2c3 h6 18. Nxf6+ Nxf6 19. Be3 a6 20. Qd3 Qf5 21.
Ne4 Nxe4 22. Qxe4 Qxe4 23. fxe4 Rf8 24. Ke2 Kd7 25. Raf1 Rxf1 26. Rxf1 Rf8 27.
Rxf8 Bxf8 28. Kf3 h5 29. c4 Be7 30. g3 c5 31. Bd2 Bd8 32. Ke2 Bc7 33. Kd3 Bb8
34. Kc2 Ba7 35. Kb3 Kc7 36. Bg5 Kd7 37. Ka4 Bb8 38. Be3 Bc7 39. b4 cxb4 40.
Kxb4 Bd8 41. c5 Bc7 42. cxd6 Bxd6+ 43. Bc5 Bc7 44. Ka4 Bb8 45. Kb4 Bc7 46. Bf8
Bb8 47. Kc4 Ke8 48. Bc5 Kd7 49. Bb6 Bd6 50. Bc5 Bc7 51. Kb4 Bb8 52. Bb6 Bd6+
53. Kc4 Bb8 1/2-1/2

[Event "Landesklasse Ost 2013/2014"]
[Site "?"]
[Date "2014.03.02"]
[Round "7"]
[White "Werner, Daniel"]
[Black "Huster, Mike"]
[Result "1/2-1/2"]
[WhiteElo "1759"]
[BlackElo "1899"]
[PlyCount "79"]
[EventDate "2014.??.??"]

1. e4 d5 2. exd5 Nf6 3. Nc3 Nxd5 4. Nxd5 Qxd5 5. d4 Nc6 6. Be3 Bf5 7. c3 e6 8.
Qb3 Bd6 9. Qxd5 exd5 10. Nf3 f6 11. h3 h5 12. O-O-O h4 13. Bd3 Bxd3 14. Rxd3
Kf7 15. Re1 b5 16. Rdd1 Nd8 17. Ng1 Ne6 18. Ne2 g5 19. a3 a5 20. Kc2 f5 21. f3
c6 22. Nc1 Bg3 23. Re2 Rhe8 24. Rdd2 Re7 25. Nd3 Rc8 26. Kd1 Kg6 27. Bg1 Kf6
28. Be3 Rce8 29. Rc2 Bd6 30. Bf2 Rg8 31. Re1 Nd8 32. Rxe7 Kxe7 33. Re2+ Kf6 34.
Be1 Ne6 35. Bf2 Rb8 36. Be1 b4 37. axb4 axb4 38. Kc2 b3+ 39. Kb1 Rb5 40. Bf2
1/2-1/2

[Event "Landesklasse Ost 2013/2014"]
[Site "?"]
[Date "2014.03.02"]
[Round "7"]
[White "Richter, Sven"]
[Black "Riemer-Nlula, Marion"]
[Result "1-0"]
[WhiteElo "1937"]
[BlackElo "1741"]
[PlyCount "107"]
[EventDate "2014.??.??"]

1. Nf3 e6 2. c4 f5 3. Nc3 Nf6 4. d4 d5 5. e3 Be7 6. Bd2 O-O 7. Bd3 Ne4 8. O-O
c6 9. Ne5 Nd7 10. Nxd7 Bxd7 11. f3 Nxd2 12. Qxd2 Bf6 13. f4 Qe7 14. c5 g5 15.
Be2 g4 16. b4 Rf7 17. a4 h5 18. Rfb1 Qf8 19. Ra3 h4 20. Rab3 Qg7 21. Bf1 h3 22.
g3 Kh7 23. b5 Kg6 24. Na2 Rc8 25. a5 cxb5 26. Bxb5 Bxb5 27. Rxb5 Rcc7 28. Nc3
Rc6 29. Ne2 Bd8 30. Qb2 a6 31. Rxb7 Rxb7 32. Qxb7 Qxb7 33. Rxb7 Bxa5 34. Kf2
Kf6 35. Nc1 Rc7 36. Rb3 Rc6 37. Nd3 Ke7 38. Ne5 Rc8 39. Rb7+ Ke8 40. Rh7 Rc7
41. Rh8+ Ke7 42. Rb8 Bd2 43. Rb2 Bc1 44. Ra2 a5 45. Nd3 Bxe3+ 46. Kxe3 Ra7 47.
Kd2 Kd7 48. Kc3 Kc7 49. Nb2 Kc6 50. Na4 Re7 51. Rb2 Ra7 52. Rb6+ Kd7 53. c6+
Kc7 54. Rb7+ 1-0

[Event "Landesklasse Ost 2013/2014"]
[Site "?"]
[Date "2014.03.02"]
[Round "7"]
[White "Glock, Benjamin"]
[Black "Walther, Thomas"]
[Result "1/2-1/2"]
[WhiteElo "1730"]
[BlackElo "1870"]
[PlyCount "47"]
[EventDate "2014.??.??"]

1. d4 d5 2. c4 c6 3. Nc3 e6 4. e3 f5 5. Nf3 Nf6 6. Be2 Bd6 7. O-O O-O 8. c5 Bc7
9. b4 Nbd7 10. b5 Ne4 11. Bd2 Nxc3 12. Bxc3 Nf6 13. bxc6 bxc6 14. Qa4 Bd7 15.
Rfb1 Ne4 16. Rb3 Nxc3 17. Rxc3 a5 18. Rb1 Ra7 19. g3 Qa8 20. Nd2 Rb8 21. Rxb8+
Qxb8 22. Rb3 Rb7 23. f4 Rxb3 24. axb3 1/2-1/2

[Event "Landesklasse Ost 2013/2014"]
[Site "?"]
[Date "2014.03.02"]
[Round "7"]
[White "Schönfeld, Volker"]
[Black "Teichmann, Mario"]
[Result "0-1"]
[WhiteElo "1900"]
[BlackElo "1348"]
[PlyCount "72"]
[EventDate "2014.??.??"]

1. e4 c5 2. c3 Nc6 3. d4 cxd4 4. cxd4 e6 5. Nc3 Bb4 6. Nf3 d5 7. e5 Nge7 8. Bd3
Ng6 9. O-O a6 10. Be3 O-O 11. a3 Be7 12. b4 Qe8 13. Rc1 f6 14. exf6 Bxf6 15.
Qc2 Bd7 16. Bxg6 hxg6 17. Rfe1 Rc8 18. Qd2 Ne7 19. Bf4 Qd8 20. Bd6 Rc6 21. Bxe7
Bxe7 22. Ne5 Bg5 23. Qd3 Bxc1 24. Nxc6 Qf6 25. Ne7+ Qxe7 26. Rxc1 Qf6 27. Qe3
Rc8 28. Ne2 Rc4 29. g3 Kf7 30. f4 Bb5 31. Qe5 Qe7 32. Kf2 Qd8 33. Rxc4 dxc4 34.
Nc3 Bc6 35. Qc5 Bd5 36. a4 b6 0-1

[Event "Landesklasse Ost 2013/2014"]
[Site "?"]
[Date "2014.03.02"]
[Round "7"]
[White "Prütting, Marcus"]
[Black "Fijalkowski, Jürgen"]
[Result "0-1"]
[WhiteElo "1294"]
[BlackElo "1795"]
[PlyCount "52"]
[EventDate "2014.??.??"]

1. e4 Nf6 2. Nc3 d5 3. exd5 Nxd5 4. Bc4 c6 5. Qf3 Nf6 6. d3 Nbd7 7. Bf4 h6 8.
O-O-O Nb6 9. h3 Nxc4 10. dxc4 Qa5 11. Qg3 Bd7 12. Bc7 Qf5 13. Nge2 Rc8 14. Nd4
Qc5 15. Rd2 Qxc4 16. Rhd1 Nd5 17. Ne4 Nxc7 18. Nb3 Nd5 19. Rd4 Qa6 20. Nbc5 Qb6
21. c4 e6 22. cxd5 cxd5 23. Rxd5 exd5 24. Qe5+ Qe6 25. Rxd5 Qxe5 26. Rxe5+ Be6
0-1

[Event "Landesklasse Ost 2013/2014"]
[Site "?"]
[Date "2014.03.02"]
[Round "7"]
[White "Schlierf, Andre"]
[Black "Anschütz, Mario"]
[Result "0-1"]
[WhiteElo "1871"]
[BlackElo "1846"]
[PlyCount "67"]
[EventDate "2014.??.??"]

1. c4 e6 2. g3 d5 3. Bg2 f5 4. f4 Nf6 5. Nf3 c6 6. Qc2 Bd6 7. e3 O-O 8. O-O Qe8
9. d4 b6 10. b3 a5 11. Nbd2 Ng4 12. Re1 Qh5 13. Nf1 Ra7 14. Bb2 Ba6 15. Ne5 Bb4
16. Bc3 g5 17. Bxb4 axb4 18. Bf3 Rg7 19. Bxg4 fxg4 20. cxd5 exd5 21. Qd2 Rf6
22. Rac1 Rh6 23. Rc2 Bc8 24. Qxb4 c5 25. dxc5 Bf5 26. Rd2 Na6 27. Qa4 Nc7 28.
cxb6 Rxb6 29. Rc1 Re7 30. Qa7 Ra6 31. Qb8+ Ne8 32. Rc8 gxf4 33. Rxe8+ Rxe8 {ZÜ}
34. Qc7 0-1

[Event "Landesklasse Ost 2013/2014"]
[Site "?"]
[Date "2014.03.02"]
[Round "7"]
[White "Latka, Robert"]
[Black "Schumann, Robert"]
[Result "1-0"]
[WhiteElo "1701"]
[BlackElo "1838"]
[PlyCount "47"]
[EventDate "2014.??.??"]

1. e4 e5 2. Nf3 Nc6 3. Bb5 Bc5 4. O-O Nf6 5. Re1 d6 6. d4 exd4 7. Nxd4 Bd7 8.
Bxc6 bxc6 9. e5 dxe5 10. Rxe5+ Be7 11. Qe2 Bg4 12. Qe1 Qxd4 13. Rxe7+ Kf8 14.
Nc3 Be6 15. Rxc7 Qd6 16. Rb7 c5 17. Be3 Ng4 18. g3 a6 19. Bf4 Qd4 20. Rd1 Qf6
21. Ne4 Qg6 22. Bb8 Nf6 23. Rd8+ Ne8 24. Nd6 1-0

[Event "Landesklasse Ost 2013/2014"]
[Site "?"]
[Date "2014.03.02"]
[Round "7"]
[White "Künzel, Andre"]
[Black "Vogel, Steffen"]
[Result "1/2-1/2"]
[WhiteElo "1900"]
[BlackElo "1821"]
[PlyCount "65"]
[EventDate "2014.??.??"]

1. d4 d5 2. Nf3 Nf6 3. e3 c6 4. Bd3 Nbd7 5. Nbd2 e6 6. O-O Be7 7. Re1 O-O 8. e4
dxe4 9. Nxe4 c5 10. dxc5 Nxc5 11. Nxc5 Bxc5 12. Bg5 Be7 13. Ne5 Qc7 14. Qf3 Ne8
15. Bf4 Bd6 16. Qh3 g6 17. Bg3 b6 18. Bb5 f6 19. Ng4 e5 20. Bxe8 Bxg4 21. Qxg4
Rfxe8 22. Qa4 Rad8 23. f4 Re7 24. fxe5 Bxe5 25. Bxe5 Rxe5 26. Rxe5 Qxe5 27.
Qb3+ Kg7 28. Rf1 Rd2 29. Qc4 Qxb2 30. Qc7+ Kg8 31. Qc8+ Kg7 32. Qc7+ Kg8 33.
Qc8+ 1/2-1/2

[Event "Landesklasse Ost 2013/2014"]
[Site "?"]
[Date "2014.03.02"]
[Round "7"]
[White "Mitter, Frank"]
[Black "Heine, Robert"]
[Result "1-0"]
[WhiteElo "1781"]
[BlackElo "1594"]
[PlyCount "79"]
[EventDate "2014.??.??"]

1. d4 d6 2. Nf3 Nf6 3. c4 Nbd7 4. Nc3 e5 5. g3 Be7 6. Bg2 c6 7. O-O O-O 8. b3
Qc7 9. Bb2 Re8 10. Rc1 Nf8 11. dxe5 dxe5 12. Qc2 Ne6 13. a3 Nd4 14. Nxd4 exd4
15. Ne4 c5 16. b4 Rb8 17. bxc5 Bxc5 18. Nxc5 Qxc5 19. Rfd1 Bf5 20. Qd2 Qe5 21.
Bxd4 Qxe2 22. Bxa7 Ra8 23. Bc5 Ng4 24. Bxb7 Rab8 25. Qxe2 Rxe2 26. Bf3 Reb2 27.
h3 Ne5 28. Bg2 Nd3 29. Bd4 Nxc1 30. Bxb2 Nd3 31. Bd4 h6 32. g4 Bg6 33. Bf1 Nb2
34. Rd2 Rd8 35. Bc3 Nd3 36. a4 Rd7 37. a5 Nc5 38. Rxd7 Nxd7 39. Bg2 Bd3 40. a6
1-0

[Event "Landesklasse Ost 2013/2014"]
[Site "?"]
[Date "2014.03.02"]
[Round "7"]
[White "Wagner, Uwe"]
[Black "Petigk, Falk"]
[Result "1/2-1/2"]
[WhiteElo "1710"]
[BlackElo "1713"]
[PlyCount "58"]
[EventDate "2014.??.??"]

1. Nf3 f5 2. b3 Nf6 3. Bb2 g6 4. e3 Bg7 5. Bc4 d5 6. Bb5+ Bd7 7. Be2 O-O 8. d3
a5 9. Nbd2 a4 10. c4 c6 11. b4 Be8 12. a3 h6 13. O-O Nbd7 14. Rc1 Bf7 15. Qc2
Qe8 16. Ne5 Nxe5 17. Bxe5 Nd7 18. Bxg7 Kxg7 19. d4 dxc4 20. Nxc4 Bd5 21. f3 Nf6
22. Nb6 Bb3 23. Qc3 Nd5 24. Nxd5 Bxd5 25. Bd3 Rf6 26. e4 fxe4 27. fxe4 Bg8 28.
Qc5 Qd7 29. Qe5 Rd8 1/2-1/2

[Event "Landesklasse Ost 2013/2014"]
[Site "?"]
[Date "2014.03.02"]
[Round "7"]
[White "Philipp, Mathias"]
[Black "Urban, Bernd"]
[Result "1/2-1/2"]
[WhiteElo "1638"]
[BlackElo "1698"]
[PlyCount "71"]
[EventDate "2014.??.??"]

1. e4 c5 2. c3 Qa5 3. Nf3 d6 4. Bc4 Nf6 5. Qe2 e6 6. O-O Be7 7. d4 O-O 8. Bg5
Re8 9. Nbd2 Nbd7 10. a3 a6 11. b4 cxb4 12. cxb4 Qd8 13. a4 e5 14. Nb3 Nd5 15.
Bxe7 Nxe7 16. dxe5 Nxe5 17. Nxe5 dxe5 18. Qf3 Rf8 19. Qc3 Ng6 20. Rfd1 Qe7 21.
a5 Bd7 22. Nc5 Bc6 23. Bd5 Rac8 24. Bxc6 Rxc6 25. Rd5 Rd8 26. Rad1 Rxd5 27.
Rxd5 Rc7 28. Qd3 h6 29. g3 Kh7 30. Rd7 Rxd7 31. Qxd7 Qxd7 32. Nxd7 f6 33. Nc5
Ne7 34. Nxb7 Nc6 35. Nc5 Nxb4 36. Kf1 1/2-1/2

[Event "Landesklasse Ost 2013/2014"]
[Site "?"]
[Date "2014.03.02"]
[Round "7"]
[White "Heine, Mario"]
[Black "Schmidt, Stephan"]
[Result "0-1"]
[WhiteElo "1698"]
[BlackElo "1639"]
[PlyCount "58"]
[EventDate "2014.??.??"]

1. d4 Nf6 2. Nf3 e6 3. e3 d5 4. Bd3 c5 5. c3 Nc6 6. Nbd2 Bd6 7. O-O O-O 8. a4
c4 9. Bc2 e5 10. dxe5 Nxe5 11. Nxe5 Bxe5 12. Nf3 Bc7 13. Qd4 Re8 14. Rd1 Bg4
15. h3 Bxf3 16. gxf3 Qd6 17. Qh4 Qh2+ 18. Kf1 Re5 19. f4 Rh5 20. Qg3 Qxh3+ 21.
Qxh3 Rxh3 22. Kg2 Rh5 23. f3 g5 24. b3 gxf4 25. exf4 Kh8 26. Bd2 Rg8+ 27. Kf1
Rh1+ 28. Kf2 Rh2+ 29. Kf1 Bb6 0-1

[Event "Landesklasse Ost 2013/2014"]
[Site "?"]
[Date "2014.03.02"]
[Round "7"]
[White "Hoffmann, Tim"]
[Black "Taudte, Stefan"]
[Result "1/2-1/2"]
[WhiteElo "1924"]
[BlackElo "1977"]
[PlyCount "132"]
[EventDate "2014.??.??"]

1. e4 e6 2. d4 d5 3. Nd2 Nc6 4. Ngf3 Nf6 5. e5 Nd7 6. c3 f6 7. exf6 Qxf6 8. Bb5
Bd6 9. O-O O-O 10. Nb3 a6 11. Be2 Ne7 12. Bg5 Qf7 13. Bh4 Nf5 14. Bg3 Nxg3 15.
hxg3 c6 16. Ng5 Qf6 17. f4 h6 18. Nf3 g5 19. Ne5 Qg7 20. Bd3 Nf6 21. Qe2 Bd7
22. Rae1 Rfe8 23. fxg5 Qxg5 24. Rxf6 Qxf6 25. Nxd7 Qg5 26. Qf3 Re7 27. Ne5 Rg7
28. g4 b6 29. Qe3 Bxe5 30. Qxe5 Qxe5 31. Rxe5 Kf7 32. Be2 Rc8 33. Kf2 a5 34. a4
Ke7 35. Kg3 Rg5 36. Rxg5 hxg5 37. Nd2 Kf6 38. Nf3 b5 39. axb5 cxb5 40. Ne5 b4
41. Nd7+ Ke7 42. Nc5 bxc3 43. bxc3 Rb8 44. Kf3 Rb2 45. Na4 Ra2 46. Bb5 Ra3 47.
Ke3 Kd6 48. g3 e5 49. dxe5+ Kxe5 50. Kd3 Ra1 51. Ke3 Rg1 52. Kf3 Rb1 53. Bd7
Kd6 54. Be8 Re1 55. Bb5 Ke5 56. Nc5 Rb1 57. Be8 Ra1 58. Na4 Kd6 59. Bb5 Rb1 60.
Be8 Rb8 61. Bg6 Rb3 62. Kf2 Ra3 63. Be8 Ke5 64. Bd7 Ke4 65. Bf5+ Ke5 66. Bd7
Ra2+ 1/2-1/2

[Event "Landesklasse Ost 2013/2014"]
[Site "?"]
[Date "2014.03.02"]
[Round "7"]
[White "Zahn, Alina"]
[Black "Puschendorf, Steffen"]
[Result "0-1"]
[WhiteElo "1919"]
[BlackElo "2083"]
[PlyCount "126"]
[EventDate "2014.??.??"]

1. e4 e6 2. d4 d5 3. Nc3 Bb4 4. a3 Bxc3+ 5. bxc3 Ne7 6. e5 c5 7. Bd3 Qa5 8. Bd2
Qa4 9. Nf3 Nbc6 10. Be3 c4 11. Be2 Bd7 12. O-O O-O-O 13. Qc1 f6 14. Rb1 Be8 15.
Bf4 Bg6 16. Bd1 Rd7 17. Re1 Bf7 18. Bg3 Nf5 19. exf6 gxf6 20. Nh4 Nxg3 21. hxg3
Qa5 22. Qb2 Qc7 23. Qc1 h5 24. Bf3 Qd6 25. a4 Ne7 26. Qf4 Qxf4 27. gxf4 Re8 28.
g3 Rd6 29. Rb2 Kc7 30. Reb1 Rb6 31. Rxb6 axb6 32. Re1 Kd7 33. Bg2 Ng6 34. Nf3
Ra8 35. Ra1 Ra5 36. Bh3 Ne7 37. Nh4 b5 38. Rb1 bxa4 39. Rxb7+ Kd6 40. Rb1 a3
41. Kf1 Bg8 42. Ke1 Bh7 43. Kd1 Nc6 44. Nf3 Na7 45. Ng1 Nb5 46. Ne2 Be4 47. Kd2
a2 48. Ra1 Na3 49. Nc1 Nb1+ 50. Kd1 Nxc3+ 51. Kd2 Ra3 52. Bf1 e5 53. dxe5+ fxe5
54. Ne2 Nxe2 55. fxe5+ Kxe5 56. Bxe2 c3+ 57. Kd1 Bg6 58. f4+ Kd4 59. Bf3 Bf7
60. Ke2 Kc5 61. f5 d4 62. Be4 Ra6 63. Kf3 Rb6 0-1

[Event "Landesklasse Ost 2013/2014"]
[Site "?"]
[Date "2014.03.02"]
[Round "7"]
[White "Gläßl, Matthias"]
[Black "Streichardt, Niklas"]
[Result "1/2-1/2"]
[WhiteElo "2050"]
[BlackElo "1734"]
[PlyCount "89"]
[EventDate "2014.??.??"]

1. e4 e5 2. Nf3 Nc6 3. Bc4 Bc5 4. d3 Nf6 5. O-O d6 6. h3 O-O 7. c3 a6 8. Qe2
Be6 9. b4 Bxc4 10. dxc4 Bb6 11. Bg5 h6 12. Be3 Bxe3 13. Qxe3 Nd7 14. Nbd2 a5
15. a3 Ne7 16. Nh4 f5 17. exf5 Nxf5 18. Nxf5 Rxf5 19. Qe4 Rf4 20. Qxb7 Nb6 21.
g3 Rf7 22. Qg2 Qe7 23. Ne4 axb4 24. cxb4 Raf8 25. Nd2 Qg5 26. Ra2 Qe7 27. Rc2
Nd7 28. Ne4 Qe6 29. Rc3 Rf5 30. f3 Nf6 31. Nxf6+ Qxf6 32. Re3 Qg5 33. Re4 Qf6
34. f4 Qe6 35. g4 Rxf4 36. Rfxf4 Rxf4 37. Rxf4 exf4 38. Qd5 Qxd5 39. cxd5 Kf8
40. a4 Ke8 41. h4 g5 42. hxg5 hxg5 43. b5 Kd8 44. a5 Kc8 45. Kf2 1/2-1/2

[Event "Landesklasse Ost 2013/2014"]
[Site "?"]
[Date "2014.03.02"]
[Round "7"]
[White "Wahlicht, Mike"]
[Black "Schmidt, Frank"]
[Result "1/2-1/2"]
[WhiteElo "1821"]
[BlackElo "1921"]
[PlyCount "100"]
[EventDate "2014.??.??"]

1. e4 e6 2. d4 d5 3. Nc3 Nf6 4. Bd3 dxe4 5. Nxe4 Nxe4 6. Bxe4 Nd7 7. Nf3 Nf6 8.
Bd3 Be7 9. c3 O-O 10. Bg5 Nd5 11. Bxe7 Qxe7 12. O-O Nf6 13. Ne5 c5 14. dxc5
Qxc5 15. Qe2 b6 16. Rac1 Bb7 17. b4 Qc7 18. c4 Rad8 19. Rfd1 Rd6 20. c5 Rd5 21.
Nc4 bxc5 22. Ne3 Rh5 23. h3 h6 24. Qc2 Rg5 25. Bf1 Rc8 26. g3 Re5 27. Bg2 Bxg2
28. Nxg2 c4 29. Ne3 Rb5 30. a3 Nd5 31. Qxc4 Qxc4 32. Rxc4 Rxc4 33. Nxc4 Kf8 34.
Ne3 Nb6 35. Kf1 Ke7 36. Rc1 Kd7 37. Ke2 a5 38. Rb1 axb4 39. Rxb4 Rxb4 40. axb4
Kc6 41. Kd3 Kb5 42. Kc3 Na4+ 43. Kb3 Nb6 44. Nc2 Kc6 45. Na3 Kd5 46. Kc3 Ke4
47. Kd2 Kd4 48. Nb5+ Kc4 49. Nd6+ Kxb4 50. Nxf7 Kc5 1/2-1/2